000 00940nam a22002777a 4500
003 DO-SdBNP
005 20210513075541.0
008 210507b2020 dr | 00| 0 spa d
020 _a9789945503715
040 _aBPMSU
_6spa
_cBPMSU
082 _aRD863.5
_bA185L 2020
_222
100 1 _a Acosta, José
_e1964-
245 1 3 _aEl lodo y la nieve /
_cJosé Acosta
260 _aSanto Domingo:
_bMinisterio de Cultura ;
_bEditora Nacional
_c2020
300 _a306 p. :
_c21 cm.
490 0 _aNarrativa
500 _3Incluyes datos Biográficos de autor el la solapa de la cubierta
500 _3Jurado : Rafael Castillo Alba, Ángel Luis Arambilet y León David
586 _aPremio Anual de novela Manuel de Jesús Galván 2019
590 _6Inventariado, 2021/ VM
650 4 _aCertamenes literarios
_zRepública dominicana
650 4 _aNovelas dominicanas
650 4 _aLiteratura dominicana
910 _aVMateo
942 _2ddc
_cBK
999 _c13487
_d13487